Southville International School and Colleges
Your cart is empty.
  • Cart
  • Lists
    Public lists Eva Luna New books Lux_list list_1
    Your lists Log in to create your own lists
  • Log in to your account
  • Your cookies
  • Search history
Southville International School and Colleges
  • Advanced search
  • Recent comments
  • Most popular
  • Libraries

Log in to your account

Log in with GOOGLE


If you do not have an external account, but do have a local account, you can still log in:

  1. Home
  2. MARC view: Tourism laws :
Normal view MARC view ISBD view

Tourism laws : (Record no. 305373)

[ view plain ]
MARC details
000 -LEADER
fixed length control field 00641nam a22001937a 4500
003 - CONTROL NUMBER IDENTIFIER
control field SISC
005 - DATE AND TIME OF LATEST TRANSACTION
control field 20161230132912.0
008 - FIXED-LENGTH DATA ELEMENTS--GENERAL INFORMATION
fixed length control field 161230b xxu||||| |||| 00| 0 eng d
020 ## - INTERNATIONAL STANDARD BOOK NUMBER
International Standard Book Number 9789719229247
050 ## - LIBRARY OF CONGRESS CALL NUMBER
Classification number G 155.P6
Item number .J41 2012
100 ## - MAIN ENTRY--PERSONAL NAME
Personal name Javier, Nancy Joan M.
245 ## - TITLE STATEMENT
Title Tourism laws :
Remainder of title updated with the tourism act of 2009 /
Statement of responsibility, etc Nancy Joan M. Javier.
250 ## - EDITION STATEMENT
Edition statement 3rd edition.
260 ## - PUBLICATION, DISTRIBUTION, ETC. (IMPRINT)
Place of publication, distribution, etc Quezon City :
Name of publisher, distributor, etc Lex Tourismo Publications,
Date of publication, distribution, etc 2012.
300 ## - PHYSICAL DESCRIPTION
Extent iii, 269 pages ;
Dimensions 22 cm.
500 ## - GENERAL NOTE
General note Includes bibliographical references and index.
650 ## - SUBJECT ADDED ENTRY--TOPICAL TERM
Topical term or geographic name as entry element Tourist trade
General subdivision Law and legislation
Geographic subdivision Philippines.
942 ## - ADDED ENTRY ELEMENTS (KOHA)
Source of classification or shelving scheme Library of Congress Classification
Koha item type Books
Holdings
Withdrawn status Lost status Source of classification or shelving scheme Damaged status Home library Current library Shelving location Date acquired Source of acquisition Sub Shelving location Total Checkouts Total Renewals Full call number Barcode Date last seen Date checked out Price effective from Koha item type
    Library of Congress Classification   College Library College Library Filipiniana Section 12/30/2016 Library Fund   7 35 G 155.P6 .J41 2012 C20834 07/14/2023 02/23/2023 12/30/2016 Books

Tourism laws :

APA

Javier N. J. M., . (2012). Tourism laws. Quezon City: Lex Tourismo Publications.

Chicago

Javier Nancy Joan M, . 2012. Tourism laws. Quezon City: Lex Tourismo Publications.

Harvard

Javier N. J. M., . (2012). Tourism laws. Quezon City: Lex Tourismo Publications.

MLA

Javier Nancy Joan M, . Tourism laws. Quezon City: Lex Tourismo Publications. 2012.

  • Place hold
  • Print
  • Cite
  • Add to your cart (remove)
  • Save record
    BIBTEX Dublin Core MARCXML MARC (non-Unicode/MARC-8) MARC (Unicode/UTF-8) MARC (Unicode/UTF-8, Standard) MODS (XML) RIS
  • More searches
    Search for this title in:
    Other Libraries (WorldCat) Other Databases (Google Scholar) Online Stores (Bookfinder.com) Open Library (openlibrary.org)

Exporting to Dublin Core...

SOUTHVILLE LIBRARY

Southville International School and Colleges Library

1281 Tropical Ave. Cor. Luxembourg St., BF Homes International, Las Pinas City

Tel. No. 8256374 / 252358 Loc. 117/146

Powered by Koha